Utah Jazz 2010s Top 10 Leaders - Statistics

General Stats
  • This quiz has been taken 143 times
  • The average score is 9 of 22
Answer Stats
Answer % Correct
Rudy Gobert
99%
Donovan Mitchell
96%
Gordon Hayward
86%
Deron Williams
78%
Derrick Favors
69%
Joe Ingles
66%
Ricky Rubio
62%
Paul Millsap
56%
Andrei Kirilenko
55%
Carlos Boozer
55%
Al Jefferson
39%
Mehmet Okur
31%
Trey Burke
27%
Alec Burks
22%
Enes Kanter
19%
Rodney Hood
19%
Jeremy Evans
13%
Ekpe Udoh
10%
Trevor Booker
4%
C.J. Miles
3%
Earl Watson
2%
Jeff Withey
0%
No matching quizzes found
Score Distribution
Percent of People with Each Score
Percentile by Number Answered
Your Score History
You have not taken this quiz